|
|
|
|
| LEADER |
01023 a2200229 4500 |
| 008 |
200122b xxu||||| |||| 00| 0 eng d |
| 999 |
|
|
|c 26879
|d 26879
|
| 020 |
|
|
|a 9788126423941
|
| 082 |
|
|
|a 004.678
|b RAV
|
| 100 |
|
|
|a രവീന്ദ്രന്, കെ.
|
| 240 |
|
|
|a Vivarashekharanam internetil
|
| 245 |
|
|
|a വിവരശേഖരണം ഇന്റര്നെറ്റില് /
|c കെ. രവീന്ദ്രന്
|
| 250 |
|
|
|a 3rd imp.
|
| 260 |
|
|
|b ഡി.സി. ബുക്സ്,
|a കോട്ടയം :
|c 2011.
|
| 300 |
|
|
|a 103p.
|
| 650 |
|
|
|a Technology
|
| 650 |
|
|
|a Computer science
|
| 700 |
|
|
|a Ravindran, K
|
| 700 |
|
|
|a Ikbal
|e edtor.
|
| 942 |
|
|
|2 ddc
|c BK
|
| 952 |
|
|
|0 0
|1 0
|2 ddc
|4 0
|6 004_678000000000000_RAV
|7 0
|9 36840
|a MAIN
|b MAIN
|d 2019-08-26
|e Current Books
|g 75.00
|o 004.678 RAV
|p 36815
|r 2019-08-26
|t 1
|v 0.00
|w 2019-08-26
|y BK
|
| 952 |
|
|
|0 0
|1 0
|2 ddc
|4 0
|6 004_678000000000000_RAV
|7 0
|9 36841
|a MAIN
|b MAIN
|d 2019-08-26
|e Current Books
|g 36816.00
|o 004.678 RAV
|p 36816
|r 2019-08-26
|t 2
|v 0.00
|w 2019-08-26
|y BK
|